| 000 | 00395nam a22001337a 4500 | ||
|---|---|---|---|
| 082 |
_a745.57 _bKRE _cN-01, P-101 |
||
| 100 |
_aTheodore O J Kresser _945820 |
||
| 245 |
_aPolyolefin plastics _bPlastics application Sereies |
||
| 260 |
_aNew York _bVan nostrand reinhold company |
||
| 300 |
_aPages-179 _billus |
||
| 526 |
_a0 _b0 _c0 _d745_570000000000000_KRE |
||
| 650 |
_aMCE _9379 |
||
| 942 |
_2ddc _cBK |
||
| 999 |
_c549260 _d549260 |
||